Zdravotnícke systémy sveta v kontexte zvyšovania reálnych finančných zdrojov
Stručný historický pohľad na vznik zdravotníctva ako uceleného špecifického systému. Typológia existujúcich modelov zdravotníctva. Rozdelenie systémov zdravotníctva podľa spôsobov ich financovania. Základné charakteristiky a komparácia najrozšírenejších typov zdravotných systémov. Základné modely z...
Saved in:
| Main Author: | |
|---|---|
| Format: | Book Chapter |
| Language: | Slovak |
| Subjects: | |
| Tags: |
No Tags, Be the first to tag this record!
|
MARC
| LEADER | 00000naa$a2200000$$$4500 | ||
|---|---|---|---|
| 001 | 0023032 | ||
| 005 | 20231102102857.7 | ||
| 041 | 0 | |a slo | |
| 044 | |a SK | ||
| 245 | 1 | 0 | |a Zdravotnícke systémy sveta v kontexte zvyšovania reálnych finančných zdrojov |c Helena Kuvíková |
| 520 | |a Stručný historický pohľad na vznik zdravotníctva ako uceleného špecifického systému. Typológia existujúcich modelov zdravotníctva. Rozdelenie systémov zdravotníctva podľa spôsobov ich financovania. Základné charakteristiky a komparácia najrozšírenejších typov zdravotných systémov. Základné modely zdravotných systémov, ich výhody a nevýhody. Socialistický zdravotný systém. Trhový zdravotný systém. Vývoj finančných ukazovateľov vybraných zdravotných systémov (Dánsko, USA a Nemecko). Komparácia spôsobov financovania zdravotníctva v sledovaných krajinách. | ||
| 610 | 2 | 0 | |a zdravotníctvo |
| 610 | 2 | 0 | |a teórie ekonomické |
| 610 | 2 | 0 | |a história |
| 610 | 2 | 0 | |a analýza komparatívna |
| 610 | 2 | 0 | |a financovanie |
| 610 | 2 | 0 | |a poistenie sociálne |
| 610 | 2 | 0 | |a lekári |
| 610 | 2 | 0 | |a prevencia |
| 610 | 2 | 0 | |a ochrana zdravia |
| 610 | 2 | 0 | |a starostlivosť o zdravie |
| 610 | 2 | 0 | |a USA |
| 610 | 2 | 0 | |a Dánsko |
| 610 | 2 | 0 | |a Nemecko |
| 610 | 2 | 0 | |a výdavky verejné |
| 100 | 1 | |a Kuvíková, Helena | |